LEADER 01065nam0-2200337---450- 001 990008370320403321 005 20060803121325.0 035 $a000837032 035 $aFED01000837032 035 $a(Aleph)000837032FED01 035 $a000837032 100 $a20060803d2002----km-y0itay50------ba 101 0 $acat 102 $aES 105 $aa-------001yy 200 1 $a<>Colla de Sabadell$eentre el noucentisme i l'avantguarda$f[organització Fundació La Mirada ...]$g[Guió i textos Miquel Bach] 210 $aSabadell$cFundació La Mirada$d2002 215 $a119 p.$cill.$d27 cm 610 0 $aColla de Sabadell$aMovimento letterario 610 0 $aArte catalana$aSpagna$aSabadell$a20. sec. 610 0 $aSabadell$aVita intellettuale$a20. sec. 676 $a946.904 702 1$aBach,$bMiquel$f<1945- > 712 02$aFundació La Mirada 801 0$aIT$bUNINA$gRICA$2UNIMARC 901 $aBK 912 $a990008370320403321 952 $a946.904 SAB 1$b12708 DFM$fFLFBC 959 $aFLFBC 996 $aColla de Sabadell$9723712 997 $aUNINA